LIBRARY ONLINE CATALOGUE

Introduction to Financial and Management Accounting (Record no. 19271)

MARC details
000 -LEADER
fixed length control field 00440nam a22001577a 4500
008 - FIXED-LENGTH DATA ELEMENTS--GENERAL INFORMATION
fixed length control field 220315b |||||||| |||| 00| 0 eng d
020 ## - INTERNATIONAL STANDARD BOOK NUMBER
International Standard Book Number 1473764347
050 ## - LIBRARY OF CONGRESS CALL NUMBER
Classification number HF5636
Item number .G46 2019
100 ## - MAIN ENTRY--PERSONAL NAME
Personal name Grene, Jenny
245 ## - TITLE STATEMENT
Title Introduction to Financial and Management Accounting
Statement of responsibility, etc. Jenny Grene
260 ## - PUBLICATION, DISTRIBUTION, ETC. (IMPRINT)
Place of publication, distribution, etc. Australia
Name of publisher, distributor, etc. Cengage
Date of publication, distribution, etc. 2019
300 ## - PHYSICAL DESCRIPTION
Extent ix, 395p.
650 ## - SUBJECT ADDED ENTRY--TOPICAL TERM
Topical term or geographic name as entry element Accounting
650 ## - SUBJECT ADDED ENTRY--TOPICAL TERM
Topical term or geographic name as entry element Managerial accounting
942 ## - ADDED ENTRY ELEMENTS (KOHA)
Source of classification or shelving scheme Library of Congress Classification
Koha item type General Collection
Holdings
Withdrawn status Lost status Source of classification or shelving scheme Not for loan Home library Current library Date acquired Cost, normal purchase price Total Checkouts Full call number Barcode Date last seen Date last checked out Price effective from Koha item type
    Library of Congress Classification   Kabarak, Main Campus Kabarak, Main Campus 15/03/2022 7101.00 1 HF5636 .G46 2019 c.1 031614 27/03/2026 19/03/2026 15/03/2022 General Collection